[Event "Ì17Â"]
[Site "Loo"]
[Date "2017.04.22"]
[Round "3.23"]
[White "Áîíäàðåíêî, Ìèøåëü."]
[Black "Áîãäàíîâ, Íèêèòà."]
[Result "0-1"]
[WhiteElo "1858"]
[BlackElo "2073"]
[PlyCount "112"]
[EventDate "2017.04.20"]

1. c4 c6 2. e4 d5 3. cxd5 cxd5 4. exd5 Nf6 5. Nc3 Nxd5 6. Qb3 Nb6 7. Nf3 Nc6 8.
Bb5 Bd7 9. O-O e6 10. Re1 Be7 11. d4 O-O 12. Bf4 Rc8 13. Rac1 Na5 14. Qd1 Rxc3
15. bxc3 Bxb5 16. Ne5 Nac4 17. Qg4 Bf6 18. Rb1 Bc6 19. Nxc6 bxc6 20. Qg3 Nd5
21. Rb8 Qe7 22. Reb1 Ndb6 23. Rxf8+ Qxf8 24. h3 Qc8 25. h4 h5 26. Re1 Qd7 27.
Bg5 Qd6 28. Qxd6 Nxd6 29. Bf4 Nb5 30. Bg5 Bxg5 31. hxg5 Nxc3 32. Kh2 Nbd5 33.
a3 Kh7 34. g3 Kg6 35. f4 Nb5 36. Rc1 Nxa3 37. Rxc6 Nb5 38. Ra6 Ndc7 39. Rc6 Kf5
40. Kh3 Ke4 41. Kh4 g6 42. Rc4 Kd5 43. Ra4 a6 44. Rb4 Nxd4 45. g4 hxg4 46. Kxg4
Ndb5 47. Rb1 Nd6 48. Rc1 Nc4 49. Rd1+ Kc6 50. Rd4 Nd6 51. Ra4 Kb6 52. Kf3 a5
53. Ke2 Kb5 54. Rd4 Nd5 55. Kd2 a4 56. Kc2 Nf5 0-1

[Event "Ì17Â"]
[Site "Loo"]
[Date "2017.04.22"]
[Round "3.24"]
[White "Áàáàíèí, Ãëåá."]
[Black "Ìàð÷óê, Ðîñòèñëàâ."]
[Result "0-1"]
[WhiteElo "2054"]
[BlackElo "2187"]
[PlyCount "78"]
[EventDate "2017.04.20"]

1. e4 c5 2. Nf3 a6 3. c4 e6 4. Nc3 Qc7 5. g3 d6 6. Bg2 Nf6 7. O-O Be7 8. d4
cxd4 9. Nxd4 Qxc4 10. Be3 Qc7 11. Rc1 Qd8 12. f4 O-O 13. f5 e5 14. Nb3 Nbd7 15.
a4 b6 16. Qe2 Bb7 17. Rfd1 Rc8 18. Nd2 Re8 19. h4 h6 20. Bf3 d5 21. exd5 Bc5
22. Nde4 Bxe3+ 23. Qxe3 Nc5 24. Nxc5 Rxc5 25. b4 Rc4 26. a5 Rxb4 27. axb6 e4
28. Be2 Rxb6 29. Bc4 Rd6 30. Qc5 Qd7 31. Rb1 Ba8 32. Rb2 Rc8 33. Qa3 Rxc4 34.
Rb8+ Kh7 35. Rxa8 Qc7 36. Ne2 Ng4 37. Rxa6 Rxa6 38. Qxa6 Qc5+ 39. Nd4 Rxd4 0-1

[Event "Ì17Â"]
[Site "Loo"]
[Date "2017.04.22"]
[Round "3.25"]
[White "Ñàêóëî, Äåíèñ."]
[Black "Òþðèí, Èëüÿ."]
[Result "1/2-1/2"]
[WhiteElo "2147"]
[BlackElo "2019"]
[PlyCount "109"]
[EventDate "2017.04.20"]

1. d4 Nf6 2. Nf3 e6 3. g3 c5 4. Bg2 d5 5. O-O cxd4 6. Nxd4 e5 7. Nb3 Nc6 8. Bg5
Be6 9. Nc3 d4 10. Na4 Bd5 11. Bxd5 Qxd5 12. Bxf6 gxf6 13. Nc3 Qd8 14. Ne4 f5
15. Nec5 Qb6 16. Nd3 O-O-O 17. a4 a5 18. Nd2 h5 19. Qc1 Bh6 20. Qe1 e4 21. Nc4
Qc7 22. Nf4 Nb4 23. Na3 Bxf4 24. Nb5 Qe5 25. gxf4 Qxf4 26. Kh1 Rhg8 27. Rc1 Nc6
28. Rd1 Rg6 29. Rg1 Rg4 30. h3 Rxg1+ 31. Qxg1 Qh4 32. Qh2 f4 33. Qg2 Qe7 34.
Qg7 Qe6 35. Kh2 Qd5 36. Qf6 f3 37. exf3 exf3 38. Qf4 Rd7 39. Re1 b6 40. Re4 f5
41. Re8+ Kb7 42. Rf8 Qe5 43. Qxe5 Nxe5 44. Rxf5 d3 45. cxd3 Nxd3 46. Rxf3 Nxb2
47. Rf4 Nd3 48. Rf5 h4 49. Rh5 Nxf2 50. Rxh4 Rg7 51. Rf4 Nd3 52. Rd4 Ne1 53.
Rf4 Nd3 54. Rf5 Nb2 55. Rf4 1/2-1/2

[Event "Ì17Â"]
[Site "Loo"]
[Date "2017.04.22"]
[Round "3.26"]
[White "×èæî, Àëåêñàíäð."]
[Black "Ñòåïàíîâ, Àíäðåé."]
[Result "1/2-1/2"]
[WhiteElo "1962"]
[BlackElo "2147"]
[PlyCount "41"]
[EventDate "2017.04.20"]

1. d4 d5 2. c4 c6 3. e3 Nf6 4. Nc3 g6 5. Nf3 Bg7 6. Bd3 O-O 7. O-O Bg4 8. h3
Bxf3 9. Qxf3 e6 10. Rd1 Nbd7 11. e4 dxe4 12. Nxe4 Nxe4 13. Qxe4 c5 14. Be3 Nf6
15. Qh4 cxd4 16. Bxd4 Nd7 17. Qe4 Nf6 18. Qh4 Nd7 19. Qe4 Nf6 20. Qh4 Nd7 21.
Qe4 1/2-1/2

[Event "Ì17Â"]
[Site "Loo"]
[Date "2017.04.22"]
[Round "3.27"]
[White "Àíòîíÿí, Ãðàíò."]
[Black "Ñàðàòîâñêèé, Äìèòðèé."]
[Result "1/2-1/2"]
[WhiteElo "2059"]
[BlackElo "1929"]
[PlyCount "81"]
[EventDate "2017.04.20"]

1. d4 f5 2. g3 Nf6 3. Nf3 g6 4. Bg2 Bg7 5. O-O O-O 6. c4 d6 7. Nc3 Qe8 8. Re1
Nh5 9. Nd5 Na6 10. e4 c6 11. Nf4 Nxf4 12. Bxf4 fxe4 13. Rxe4 Bf5 14. Re1 Qf7
15. Qb3 Rab8 16. Ng5 Qf6 17. c5+ Kh8 18. Rad1 Nc7 19. cxd6 exd6 20. d5 cxd5 21.
Bxd5 Nxd5 22. Qxd5 Rbd8 23. Qxb7 h6 24. Ne4 Bxe4 25. Qxe4 g5 26. Be3 Qxb2 27.
Bd4 Qxa2 28. Bxg7+ Kxg7 29. Qd4+ Kg8 30. Ra1 Qf7 31. Rxa7 Rd7 32. Rxd7 Qxd7 33.
Qd5+ Qf7 34. Qd4 Rd8 35. Ra1 Qg7 36. Qxg7+ Kxg7 37. Rd1 Kf6 38. f3 d5 39. Kf2
d4 40. f4 gxf4 41. gxf4 1/2-1/2

[Event "Ì19"]
[Site "Loo"]
[Date "2017.04.22"]
[Round "3.1"]
[White "Äðûãàëîâ, Ñåðãåé."]
[Black "Ñàâåíêîâ, Êîíñòàíòèí."]
[Result "1/2-1/2"]
[WhiteElo "2419"]
[BlackElo "2324"]
[PlyCount "102"]
[EventDate "2017.04.20"]

1. d4 Nf6 2. Nf3 g6 3. c4 Bg7 4. g3 O-O 5. Bg2 d6 6. O-O Nc6 7. Nc3 a6 8. Qd3
Bf5 9. e4 Bg4 10. Be3 Nd7 11. Ne1 e5 12. d5 Nd4 13. f3 Nc5 14. Qd1 Bc8 15. b4
Nd7 16. Nc2 a5 17. bxa5 Nxc2 18. Qxc2 Rxa5 19. a4 f5 20. Nb5 Ra6 21. Na7 f4 22.
Bf2 b6 23. Nxc8 Qxc8 24. Qc3 fxg3 25. hxg3 Qa8 26. Bh3 Rd8 27. Ra2 Nc5 28. Bxc5
dxc5 29. Rfa1 Ra5 30. Be6+ Kh8 31. Kg2 c6 32. dxc6 Qxc6 33. Bd5 Qf6 34. Rb2 h5
35. Rb5 Rf8 36. Rxa5 bxa5 37. Rb1 Qg5 38. Qc1 Qxc1 39. Rxc1 Rb8 40. Bf7 Bh6 41.
Rd1 Kg7 42. Rd7 Kf6 43. Bd5 Rb2+ 44. Kh1 Rb1+ 45. Kg2 Rb2+ 46. Kh1 Be3 47. Rd6+
Kg7 48. Rd7+ Kh6 49. Rd6 Rb1+ 50. Kg2 Rb2+ 51. Kh1 Rb1+ 1/2-1/2

[Event "Ì19"]
[Site "Loo"]
[Date "2017.04.22"]
[Round "3.2"]
[White "Ìóðòàçèí, Áóëàò."]
[Black "Ñìèðíîâ, Òèìîôåé."]
[Result "1/2-1/2"]
[WhiteElo "2406"]
[BlackElo "2296"]
[PlyCount "87"]
[EventDate "2017.04.20"]

1. d4 d5 2. c4 c6 3. cxd5 cxd5 4. Nc3 Nc6 5. Bf4 Nf6 6. e3 Bf5 7. Rc1 a6 8. Nf3
Rc8 9. Ne5 Bd7 10. Nxd7 Qxd7 11. Be2 e6 12. O-O Bd6 13. Bg5 Be7 14. Na4 Qc7 15.
Nc5 O-O 16. Bd3 Ne8 17. Qh5 g6 18. Qh4 Nd6 19. a3 Bxg5 20. Qxg5 Qe7 21. Qf4 a5
22. Nb3 b6 23. Rc3 Na7 24. Rfc1 Rxc3 25. Rxc3 Rc8 26. Rxc8+ Naxc8 27. Qf3 Qc7
28. Qd1 Ne7 29. Nc1 Qc6 30. Qc2 Qxc2 31. Bxc2 Nc4 32. Nd3 Nc8 33. Kf1 N8d6 34.
Ke2 f6 35. a4 Nc8 36. b4 axb4 37. Nxb4 N8d6 38. f3 b5 39. axb5 Nxb5 40. Bd3
Nc3+ 41. Ke1 Nd6 42. Kd2 Ncb5 43. Na6 Kf7 44. Bxb5 1/2-1/2

[Event "Ì19"]
[Site "Loo"]
[Date "2017.04.22"]
[Round "3.3"]
[White "Áû÷êîâ, Âëàäèìèð."]
[Black "Åëåöêèé, Èâàí."]
[Result "0-1"]
[WhiteElo "2202"]
[BlackElo "2367"]
[PlyCount "120"]
[EventDate "2017.04.20"]

1. Nf3 Nf6 2. b3 c5 3. Bb2 Nc6 4. d4 cxd4 5. Nxd4 e6 6. g3 Bb4+ 7. c3 Bc5 8.
Bg2 O-O 9. O-O e5 10. Nxc6 dxc6 11. Qc2 e4 12. c4 e3 13. f3 Bd4 14. Rd1 Bf5 15.
Qxf5 Bxb2 16. Rxd8 Raxd8 17. Qc2 Bxa1 18. Bh3 g6 19. Qc1 Be5 20. Bf1 Rfe8 21.
Kg2 Bd4 22. Nc3 h5 23. Qc2 Be5 24. Nd1 Rd2 25. Qc1 Bd4 26. a3 Rd8 27. Nxe3 Bxe3
28. Qc3 Bg5 29. h4 Bxh4 30. gxh4 Nh7 31. Kf2 R2d4 32. Qa5 a6 33. Bh3 Re8 34. e3
Rd3 35. Qb6 Nf6 36. e4 Nxe4+ 37. fxe4 Rxh3 38. Qxb7 Re6 39. Qxa6 Rxb3 40. a4
Ra3 41. c5 Rxe4 42. Qxc6 Rexa4 43. Qe8+ Kg7 44. Qe5+ Kh7 45. c6 Ra5 46. Qe7
Rf5+ 47. Kg2 Rc3 48. c7 Kg7 49. Qd7 Rfc5 50. Qd4+ Kh7 51. Qf4 Rxc7 52. Qf6 R3c4
53. Kg3 Rg4+ 54. Kh3 Rd7 55. Kh2 Re4 56. Kg3 Rde7 57. Kf3 Kg8 58. Kg3 Rg4+ 59.
Kh3 Re3+ 60. Kh2 Ree4 0-1

[Event "Ì19"]
[Site "Loo"]
[Date "2017.04.22"]
[Round "3.4"]
[White "Ãàëàêòèîíîâ, Àðòåì."]
[Black "Õàíèí, Ñåìåí."]
[Result "1/2-1/2"]
[WhiteElo "2346"]
[BlackElo "2430"]
[PlyCount "80"]
[EventDate "2017.04.20"]

1. d4 Nf6 2. c4 g6 3. Nc3 d5 4. cxd5 Nxd5 5. e4 Nxc3 6. bxc3 Bg7 7. Nf3 c5 8.
Be3 Qa5 9. Qd2 O-O 10. Rc1 Nd7 11. Bd3 e5 12. dxe5 Nxe5 13. Nxe5 Bxe5 14. Bc4
Rd8 15. Bd5 Be6 16. c4 Qa4 17. O-O Bxd5 18. exd5 b5 19. Bxc5 bxc4 20. Qe2 Rxd5
21. Rxc4 Qa5 22. Be3 Rad8 23. g3 h5 24. Qc2 Rb8 25. Qa4 Qxa4 26. Rxa4 a5 27.
Rc1 Kg7 28. Kg2 Rbb5 29. Rc6 Bf6 30. Bh6+ Kxh6 31. Rxf6 Rf5 32. Rxf5 Rxf5 33.
Rc4 Kg7 34. Rc6 Kf8 35. Rc7 Kg7 36. Rc6 Kf8 37. Rc7 Kg7 38. Ra7 Rc5 39. Ra6 Kf8
40. Ra7 Kg7 1/2-1/2

[Event "Ì19"]
[Site "Loo"]
[Date "2017.04.22"]
[Round "3.5"]
[White "Òèìåðõàíîâ, Àëåêñàíäð."]
[Black "Àáåëãóçèí, Äèíàð."]
[Result "1-0"]
[WhiteElo "2322"]
[BlackElo "2406"]
[PlyCount "57"]
[EventDate "2017.04.20"]

1. d4 d6 2. e4 Nf6 3. Nc3 e5 4. Nf3 Nbd7 5. Bc4 Be7 6. O-O O-O 7. Qe2 c6 8. a4
exd4 9. Nxd4 Ne5 10. Ba2 Re8 11. Rd1 Qc7 12. a5 Bd7 13. h3 b5 14. axb6 axb6 15.
Bf4 b5 16. Nf3 b4 17. Bxe5 dxe5 18. Bxf7+ Kxf7 19. Qc4+ Kg6 20. Rxa8 Rxa8 21.
Nb5 Qb8 22. Rxd7 Nxd7 23. Qe6+ Nf6 24. Nxe5+ Kh6 25. Nd4 g6 26. Qxe7 Ra1+ 27.
Kh2 Nd7 28. f4 Nxe5 29. Nf5+ 1-0

[Event "Ì19"]
[Site "Loo"]
[Date "2017.04.22"]
[Round "3.6"]
[White "Îôèöåðüÿí, Áîðèñ."]
[Black "Îâ÷èííèêîâ, Âñåâîëîä."]
[Result "1/2-1/2"]
[WhiteElo "2371"]
[BlackElo "2319"]
[PlyCount "63"]
[EventDate "2017.04.20"]

1. Nf3 Nf6 2. c4 g6 3. b3 Bg7 4. Bb2 O-O 5. g3 b6 6. Bg2 Bb7 7. O-O d5 8. d3 c5
9. cxd5 Bxd5 10. Nc3 Bb7 11. d4 Nbd7 12. Re1 cxd4 13. Nxd4 Bxg2 14. Kxg2 Qc7
15. e4 Qb7 16. Kg1 e5 17. Nf3 Rad8 18. Qe2 Rfe8 19. Rad1 a6 20. Nd5 Rc8 21.
Nxf6+ Bxf6 22. Rd5 Bg7 23. Red1 Nf6 24. Rxe5 Nxe4 25. Rxe8+ Rxe8 26. Bxg7 Kxg7
27. Qd3 Nf6 28. Kg2 Kg8 29. Kg1 Kg7 30. Kg2 Kg8 31. Kg1 Kg7 32. Kg2 1/2-1/2

[Event "Ì19"]
[Site "Loo"]
[Date "2017.04.22"]
[Round "3.7"]
[White "Àêìàëîâ, Äàíèèë."]
[Black "Ãàëü÷åíêî, Ìàòâåé."]
[Result "1/2-1/2"]
[WhiteElo "2286"]
[BlackElo "2346"]
[PlyCount "234"]
[EventDate "2017.04.20"]

1. d4 Nf6 2. Nc3 c5 3. dxc5 e6 4. e4 Qc7 5. b4 a5 6. Nb5 Qe5 7. Be3 Na6 8. Nf3
Qxe4 9. a3 Be7 10. Bd3 Qg4 11. O-O Nd5 12. c3 Nxe3 13. fxe3 O-O 14. Ne5 Qg5 15.
Nc4 axb4 16. cxb4 Rb8 17. Qf3 f5 18. Na7 Nxc5 19. bxc5 Bxc5 20. Nxc8 Rfxc8 21.
Rfe1 Qf6 22. Rac1 b5 23. Nd2 Bxa3 24. Rcd1 d5 25. Qe2 Bc5 26. Kh1 Qc3 27. Bxb5
Qf6 28. Nf3 Bd6 29. Rc1 h6 30. g3 Bc5 31. Nd4 e5 32. Nc6 Rxc6 33. Bxc6 Qxc6 34.
Qc2 d4+ 35. e4 Rc8 36. Qc4+ Kh7 37. Qd5 fxe4 38. Qxc6 Rxc6 39. Rxe4 d3 40. Rec4
e4 41. Rxe4 d2 42. Rd1 Rd6 43. Kg2 Ba3 44. Kf2 Kg6 45. Ke2 Bc1 46. h4 Rf6 47.
g4 Kf7 48. Rg1 Rd6 49. Rf1+ Kg6 50. Kd1 Rd5 51. Re6+ Kh7 52. h5 Rd8 53. Rf7 Kg8
54. Ree7 Bb2 55. Rd7 Ra8 56. Kxd2 Ra4 57. Rfe7 Rxg4 58. Re8+ Kh7 59. Rd5 g6 60.
Rd7+ Bg7 61. hxg6+ Kxg6 62. Ke2 h5 63. Kf3 Rg1 64. Re6+ Kf5 65. Re2 h4 66. Rd5+
Kf6 67. Rh5 Rg3+ 68. Kf4 Ra3 69. Rf5+ Kg6 70. Re6+ Kh7 71. Re7 Kh6 72. Re6+ Kh7
73. Rh5+ Kg8 74. Rxh4 Kf7 75. Re4 Ra1 76. Rh3 Rf1+ 77. Rf3 Bh6+ 78. Kg4+ Rxf3
79. Kxf3 Kf6 80. Kg4 Bc1 81. Rc4 Bd2 82. Rc5 Ke6 83. Kf3 Kd6 84. Rc2 Bg5 85.
Ke4 Bf6 86. Ra2 Bc3 87. Ra6+ Kc5 88. Ra8 Kd6 89. Rd8+ Kc7 90. Rd3 Be1 91. Kd5
Bh4 92. Rc3+ Kb7 93. Rc6 Bg3 94. Rg6 Bh2 95. Kc5 Bf4 96. Rg7+ Ka8 97. Kc6 Be3
98. Rg3 Bf2 99. Ra3+ Ba7 100. Ra4 Kb8 101. Re4 Bf2 102. Rf4 Bg1 103. Rf8+ Ka7
104. Rd8 Bh2 105. Rd7+ Ka8 106. Kb6 Bg1+ 107. Ka6 Bh2 108. Ra7+ Kb8 109. Rh7
Bg1 110. Rh8+ Kc7 111. Rg8 Bf2 112. Kb5 Bd4 113. Kc4 Be3 114. Re8 Bg1 115. Re7+
Kb8 116. Kb5 Bh2 117. Rg7 Ka8 1/2-1/2

[Event "Ì19"]
[Site "Loo"]
[Date "2017.04.22"]
[Round "3.8"]
[White "Áîíäàðåíêî, Èâàí."]
[Black "Åëèñòðàòîâ, Ñåì¸í."]
[Result "0-1"]
[WhiteElo "2251"]
[BlackElo "2417"]
[PlyCount "60"]
[EventDate "2017.04.20"]

1. d4 Nf6 2. c4 e6 3. Nc3 Bb4 4. Nf3 c5 5. g3 cxd4 6. Nxd4 Ne4 7. Qd3 Bxc3+ 8.
bxc3 Nc5 9. Qf3 d6 10. Bg2 O-O 11. O-O Nbd7 12. Rd1 a6 13. Nb3 Qe7 14. Ba3 Rb8
15. Bxc5 dxc5 16. Rd2 Nf6 17. Qd3 b6 18. Qd6 Qxd6 19. Rxd6 e5 20. Bd5 Bf5 21.
Bc6 Be6 22. Rad1 Bxc4 23. e4 Be2 24. Re1 Bg4 25. c4 Be6 26. Rc1 Rfc8 27. f3 Kf8
28. f4 Ke7 29. fxe5 Ng4 30. Bd5 Bd7 0-1

[Event "Ì19"]
[Site "Loo"]
[Date "2017.04.22"]
[Round "3.9"]
[White "Ñèí, Äåíèñ."]
[Black "Ëèòâèíîâ, Ìàêñèì."]
[Result "0-1"]
[WhiteElo "2240"]
[BlackElo "2384"]
[PlyCount "134"]
[EventDate "2017.04.20"]

1. d4 d5 2. c4 e6 3. Nc3 Nf6 4. Nf3 Nbd7 5. Bf4 dxc4 6. e3 Nd5 7. Bxc4 Nxf4 8.
exf4 Bd6 9. Ne5 O-O 10. O-O Nb6 11. Bb3 Bd7 12. d5 exd5 13. Nxd5 Be6 14. Nxb6
Bxb3 15. Qxb3 axb6 16. Rfe1 Qc8 17. g3 Qf5 18. Nc4 Bc5 19. Re5 Qg6 20. Rae1
Rad8 21. f5 Qf6 22. Qf3 Bd4 23. R5e2 c6 24. Ne5 Rd5 25. Qf4 h6 26. g4 Qd6 27.
Nd3 Bf6 28. Qxd6 Rxd6 29. Ne5 b5 30. Nf3 b4 31. h4 g5 32. hxg5 hxg5 33. Nd2 Rd4
34. Ne4 Be5 35. f3 Bf4 36. Nf6+ Kg7 37. Nh5+ Kg8 38. Re4 Rxe4 39. Rxe4 Bd6 40.
Nf6+ Kh8 41. Kf1 Ra8 42. b3 b5 43. Re2 Bf4 44. Rc2 Rc8 45. Ne4 Kg7 46. Ke2 f6
47. Nc5 Kf7 48. Ne6 Ke7 49. Nxf4 gxf4 50. Kd3 c5 51. Re2+ Kf7 52. Rc2 Rd8+ 53.
Ke2 Rd5 54. Rc1 Ke7 55. Rc2 Re5+ 56. Kd1 Kd6 57. Re2 c4 58. bxc4 bxc4 59. Rd2+
Kc5 60. Kc2 c3 61. Rd8 Re2+ 62. Kc1 Rxa2 63. Rc8+ Kd4 64. Rd8+ Kc4 65. Rc8+ Kb3
66. Kd1 Ra1+ 67. Ke2 c2 0-1

[Event "Ì19"]
[Site "Loo"]
[Date "2017.04.22"]
[Round "3.10"]
[White "Àôàíàñüåâ, Íèêèòà."]
[Black "Àñêåðîâ, Ìàðàò."]
[Result "0-1"]
[WhiteElo "2349"]
[BlackElo "2213"]
[PlyCount "102"]
[EventDate "2017.04.20"]

1. e4 e6 2. b3 d5 3. Bb2 Nf6 4. e5 Nfd7 5. Qg4 c5 6. f4 Nc6 7. Nf3 a6 8. Be2 b5
9. O-O h5 10. Qh3 c4 11. d4 cxd3 12. cxd3 Nc5 13. Nbd2 d4 14. a3 Bb7 15. Rac1
Be7 16. Rc2 Qb6 17. Rfc1 Rd8 18. Ng5 Nxe5 19. Rxc5 Ng6 20. Bxh5 Bxc5 21. Nxe6
fxe6 22. Bxg6+ Kd7 23. Qg4 Be7 24. f5 Rh4 25. Qg3 Rc8 26. Re1 Rc2 27. fxe6+ Kc8
28. Be4 Bxe4 29. Nxe4 Rxb2 30. Rc1+ Kb7 31. Qxg7 Qd8 32. Nc5+ Ka7 33. Nd7 Re2
34. Qg3 Rxe6 35. Rc7+ Ka8 36. Qf3+ Rhe4 37. Nb6+ Kb8 38. Rc8+ Qxc8 39. Nxc8
Re1+ 40. Kf2 R6e2+ 41. Qxe2 Rxe2+ 42. Kxe2 Kxc8 43. a4 bxa4 44. bxa4 Kd7 45.
Kd2 Kc6 46. Kc2 Kb6 47. g4 Ka5 48. Kb3 Bh4 49. Ka3 Bg5 50. Kb3 Be7 51. h3 Bh4
0-1

[Event "Ì19"]
[Site "Loo"]
[Date "2017.04.22"]
[Round "3.11"]
[White "Ðàäæàáîâ, Ðîäèîí."]
[Black "Ãîðîæàíêèí, Âàäèì."]
[Result "1-0"]
[WhiteElo "2302"]
[BlackElo "2190"]
[PlyCount "95"]
[EventDate "2017.04.20"]

1. e4 c5 2. Nf3 d6 3. d4 cxd4 4. Qxd4 Nc6 5. Bb5 Bd7 6. Bxc6 Bxc6 7. Nc3 Nf6 8.
Bg5 e6 9. O-O-O Be7 10. Qd3 O-O 11. Nd4 Rc8 12. h4 a6 13. Kb1 b5 14. f4 Ba8 15.
Bxf6 Bxf6 16. Nce2 Qc7 17. Nb3 Rfd8 18. g4 Be7 19. g5 b4 20. g6 hxg6 21. h5
gxh5 22. Nd2 g6 23. Rdg1 h4 24. Rh2 Kf8 25. f5 d5 26. Qd4 e5 27. Qe3 g5 28. Rc1
dxe4 29. f6 Bxf6 30. Nxe4 Bxe4 31. Qxe4 Qc4 32. Qh7 Ke7 33. Rf2 Rc6 34. Rcf1
Rdd6 35. Nc1 e4 36. Re2 Re6 37. Rxf6 Kxf6 38. Rf2+ Ke5 39. Qxf7 Kd6 40. Rd2+
Kc5 41. Qa7+ Kb5 42. a4+ bxa3 43. Nb3 a2+ 44. Kxa2 Red6 45. Qb8+ Rb6 46. Qe8+
Qc6 47. Qe5+ Kb4 48. c3+ 1-0

[Event "Ì19"]
[Site "Loo"]
[Date "2017.04.22"]
[Round "3.12"]
[White "×åðåäíè÷åíêî, Äìèòðèé."]
[Black "Ãîëüöåâ, Äìèòðèé."]
[Result "0-1"]
[WhiteElo "2282"]
[BlackElo "2161"]
[PlyCount "60"]
[EventDate "2017.04.20"]

1. d4 d5 2. c4 c6 3. Nc3 Nf6 4. Nf3 dxc4 5. a4 Bf5 6. e3 e6 7. Bxc4 Bb4 8. O-O
Nbd7 9. Nh4 Bg6 10. Nxg6 hxg6 11. f4 Qc7 12. Bd2 g5 13. Rc1 gxf4 14. exf4 Qd6
15. Be3 Nb6 16. Bb3 Nbd5 17. Bd2 Ne7 18. Ne2 Bxd2 19. Qxd2 Nf5 20. Bc2 g6 21.
Rfd1 Nd5 22. Be4 O-O-O 23. Rc5 Nf6 24. Bc2 Qe7 25. b4 Kb8 26. Qc1 Nd5 27. Be4
Nxb4 28. Qb1 Nxd4 29. Qxb4 Nxe2+ 30. Kf2 Rxd1 0-1

[Event "Ì19"]
[Site "Loo"]
[Date "2017.04.22"]
[Round "3.13"]
[White "Êðèâöîâ, Àëåêñàíäð."]
[Black "Áûêîâ, Åãîð."]
[Result "1/2-1/2"]
[WhiteElo "2206"]
[BlackElo "2263"]
[PlyCount "82"]
[EventDate "2017.04.20"]

1. e4 e5 2. Nf3 Nc6 3. Bc4 Bc5 4. d4 exd4 5. c3 Nf6 6. cxd4 Bb4+ 7. Bd2 Bxd2+
8. Nbxd2 d5 9. exd5 Nxd5 10. Qb3 Na5 11. Qa4+ Nc6 12. Qb3 Nce7 13. O-O O-O 14.
Ne4 Nb6 15. Bd3 Bg4 16. Neg5 Bf5 17. Ne5 Qd5 18. Qc2 g6 19. Ne4 Bxe4 20. Bxe4
Qxd4 21. Nf3 Qc4 22. Qxc4 Nxc4 23. Rfc1 Nd6 24. Rxc7 Nxe4 25. Rxe7 Nd6 26. h3
Rfe8 27. Rd7 Rad8 28. Rxd8 Rxd8 29. Rd1 Kf8 30. Kf1 Ke7 31. Ke2 Rc8 32. Kd3 Kf6
33. Rd2 h5 34. b3 Rc5 35. Ke2 Ke7 36. Nd4 Ne4 37. Rb2 Kf6 38. Kd3 Nd6 39. Rc2
Rd5 40. Ke3 Re5+ 41. Kd3 Rd5 1/2-1/2

[Event "Ì19"]
[Site "Loo"]
[Date "2017.04.22"]
[Round "3.14"]
[White "Õàð÷åíêî, Àëåêñåé."]
[Black "Èíäæèåâ, Àëäàð."]
[Result "0-1"]
[WhiteElo "2263"]
[BlackElo "2050"]
[PlyCount "64"]
[EventDate "2017.04.20"]

1. d4 d5 2. Nf3 e6 3. c4 c6 4. Nc3 f5 5. g3 Nf6 6. Bg2 Bd6 7. O-O Qe7 8. Qc2
O-O 9. Rb1 b6 10. a3 Nbd7 11. b4 Ba6 12. c5 Bc7 13. a4 bxc5 14. dxc5 e5 15. Ba3
Bb7 16. b5 f4 17. Nh4 e4 18. bxc6 Bxc6 19. Nb5 Be5 20. Nf5 Qf7 21. Nbd6 Qh5 22.
Ne7+ Kh8 23. Nxc6 fxg3 24. h3 gxf2+ 25. Rxf2 Bh2+ 26. Kh1 Ng4 27. hxg4 Qh4 28.
Nf7+ Rxf7 29. Rxf7 Bf4+ 30. Kg1 Be3+ 31. Kf1 Nf6 32. Rxf6 gxf6 0-1

[Event "Ì19"]
[Site "Loo"]
[Date "2017.04.22"]
[Round "3.15"]
[White "Ëàïèí, Ïåòð."]
[Black "Áóö, Íèêèòà."]
[Result "1-0"]
[WhiteElo "2188"]
[BlackElo "2260"]
[PlyCount "93"]
[EventDate "2017.04.20"]

1. e4 c5 2. Nf3 d6 3. d4 cxd4 4. Nxd4 Nf6 5. Nc3 a6 6. Nb3 g6 7. Be2 Bg7 8. g4
Nc6 9. Be3 b5 10. f3 Bb7 11. Qd2 h5 12. gxh5 Nxh5 13. O-O-O Ne5 14. f4 Nc4 15.
Bxc4 bxc4 16. Nd4 Nf6 17. Qg2 Bh6 18. Rhe1 Qc7 19. Kb1 O-O-O 20. Nde2 Rd7 21.
Nd5 Nxd5 22. exd5 e6 23. Nc3 Re8 24. Na4 Bxd5 25. Qh3 Bg7 26. Nb6+ Kd8 27. Nxd7
Qxd7 28. Rxd5 Rh8 29. Bb6+ Kc8 30. Qa3 exd5 31. Qxa6+ Kb8 32. Bg1 Rc8 33. Qb6+
Ka8 34. Qa5+ Kb8 35. Qxd5 Rc7 36. Bd4 Bxd4 37. Qxd4 Qc6 38. a3 d5 39. Re5 Rd7
40. f5 g5 41. f6 g4 42. Re8+ Kb7 43. Qxg4 d4 44. Re7 Rxe7 45. fxe7 d3 46. cxd3
cxd3 47. Qb4+ 1-0

[Event "Ì19"]
[Site "Loo"]
[Date "2017.04.22"]
[Round "3.16"]
[White "Íàñèáóëëèí, Èñêàíäåð."]
[Black "Ãóí÷åíêî, Âàäèì."]
[Result "1/2-1/2"]
[WhiteElo "2162"]
[BlackElo "2292"]
[PlyCount "148"]
[EventDate "2017.04.20"]

1. e4 e6 2. d4 d5 3. Nd2 c5 4. Ngf3 Nf6 5. exd5 Nxd5 6. Nb3 Nd7 7. Bd3 Qc7 8.
dxc5 Nxc5 9. Nxc5 Bxc5 10. O-O Bd7 11. Ng5 Nf6 12. Qf3 Bc6 13. Bf4 Bxf3 14.
Bxc7 Bc6 15. a3 h6 16. Nf3 Bxf3 17. gxf3 Ke7 18. c4 Rac8 19. Be5 Rhd8 20. Rfd1
Bd4 21. Bxf6+ Kxf6 22. Rab1 Rc5 23. b4 Rg5+ 24. Kf1 Rh5 25. Be4 b6 26. Kg2 Rd6
27. Rd3 Be5 28. Rxd6 Bxd6 29. h3 Ke7 30. Re1 Bf4 31. Rd1 Bd6 32. Re1 Rh4 33.
Rc1 Rh5 34. Re1 a5 35. Rb1 axb4 36. axb4 Rh4 37. c5 bxc5 38. bxc5 Bxc5 39. Rb7+
Kf6 40. Rc7 Be7 41. Rd7 Rh5 42. Rc7 Ra5 43. Rc6 Ra2 44. Rc2 Ra1 45. Rc7 Bd6 46.
Rd7 Be5 47. Bh7 Ra8 48. Be4 Rc8 49. Ra7 Rd8 50. Ra2 Rd7 51. Rc2 Kg5 52. Bc6 Rd6
53. Be8 f5 54. Bb5 Rb6 55. Bd7 Rd6 56. Bb5 Kf6 57. Rc6 Rd4 58. Rc4 Rd2 59. Ba4
Bd6 60. Rc2 Rd4 61. Bb5 Ke5 62. Bc4 Kf6 63. Bb5 e5 64. Rc3 Rd2 65. Rd3 Rxd3 66.
Bxd3 Kg5 67. Bb5 Kf4 68. Bc6 h5 69. Be8 h4 70. Bc6 g5 71. Bd7 Bc5 72. Bc8 e4
73. fxe4 Kxe4 74. Bd7 Kf4 1/2-1/2

[Event "Ì19"]
[Site "Loo"]
[Date "2017.04.22"]
[Round "3.17"]
[White "Äðûãàëîâ, Àíäðåé."]
[Black "Àçèìîâ, Èëüÿñ."]
[Result "1/2-1/2"]
[WhiteElo "2389"]
[BlackElo "2171"]
[PlyCount "131"]
[EventDate "2017.04.20"]

1. d4 d5 2. Nf3 Nf6 3. c4 c6 4. Nc3 e6 5. e3 Nbd7 6. Qc2 a6 7. Bd3 dxc4 8. Bxc4
b5 9. Be2 c5 10. O-O Bb7 11. dxc5 Bxc5 12. a3 Rc8 13. Bd2 O-O 14. Rac1 Qc7 15.
h3 h6 16. Rfd1 Rfd8 17. Be1 Qb8 18. Qb1 Be7 19. Rd4 Ne5 20. Rxd8+ Bxd8 21. Nd4
Bb6 22. Rd1 Rd8 23. Nc2 Ne4 24. Rxd8+ Qxd8 25. Qd1 Qxd1 26. Nxd1 Kf8 27. f3 Nf6
28. Bc3 Nc6 29. Kf1 Nd5 30. Bd2 f6 31. e4 Nde7 32. Be3 Bxe3 33. Ndxe3 Ke8 34.
Ke1 Kd7 35. Kd2 Kc7 36. Nd1 Bc8 37. Nf2 Ng6 38. Nd3 Nce5 39. Nc5 Kd6 40. b4 Nd7
41. Nb3 Nf4 42. Bf1 g5 43. Ne3 h5 44. g3 Ng6 45. Ng2 e5 46. Kc3 Nb6 47. Nc5 Nd7
48. Nd3 Nb6 49. Ne3 Ne7 50. f4 exf4 51. gxf4 gxf4 52. Nxf4 Ke5 53. Nxh5 Kxe4
54. Kd2 Ke5 55. Ng3 f5 56. Nc2 Ng6 57. Nh1 Bb7 58. Nf2 Kf4 59. Nd3+ Kg3 60. Nc5
Bc8 61. Ke1 Nh4 62. Nd4 Kf4 63. Ne2+ Kf3 64. Nd4+ Kg3 65. Ne2+ Kf3 66. Nd4+
1/2-1/2

[Event "Ì19"]
[Site "Loo"]
[Date "2017.04.22"]
[Round "3.18"]
[White "Êóçíåöîâ, Ôåëèêñ."]
[Black "Êëþêèí, Êèðèëë."]
[Result "0-1"]
[WhiteElo "2176"]
[BlackElo "2250"]
[PlyCount "110"]
[EventDate "2017.04.20"]

1. e4 c5 2. Nf3 Nc6 3. d4 cxd4 4. Nxd4 e5 5. Nb5 d6 6. c4 Be7 7. N1c3 a6 8. Na3
f5 9. exf5 Bxf5 10. Bd3 Be6 11. Nc2 Nf6 12. O-O O-O 13. Bg5 Ng4 14. Bxe7 Qxe7
15. h3 Nf6 16. Qe2 g6 17. Rad1 Nh5 18. Nd5 Bxd5 19. cxd5 Nf4 20. Qg4 Nb8 21.
Rfe1 Nd7 22. b4 Qf7 23. Qh4 Rac8 24. Ne3 Nxd3 25. Rxd3 Qf4 26. Qxf4 Rxf4 27. a3
Nb6 28. Kf1 Nc4 29. Ke2 Nxe3 30. Kxe3 Rc2 31. Re2 Re4+ 32. Kxe4 Rxe2+ 33. Kf3
Rc2 34. Ke3 Kf7 35. Rd2 Rc3+ 36. Rd3 Rc2 37. Rd2 Rxd2 38. Kxd2 Kf6 39. Ke3 Kf5
40. g4+ Kg5 41. Kf3 Kh4 42. Kg2 h5 43. gxh5 gxh5 44. a4 b6 45. a5 b5 46. Kh2 e4
47. Kg2 Kg5 48. Kf1 Kf4 49. Ke2 h4 50. Kd2 Kf3 51. Ke1 e3 52. Kf1 Ke4 53. Ke2
exf2 54. Kxf2 Kxd5 55. Kf3 Kc4 0-1

[Event "Ì19"]
[Site "Loo"]
[Date "2017.04.22"]
[Round "3.19"]
[White "Ïîñòíèêîâ, Àðòåì."]
[Black "×èáóõ÷ÿí, Ýðèê."]
[Result "1/2-1/2"]
[WhiteElo "2197"]
[BlackElo "2149"]
[PlyCount "102"]
[EventDate "2017.04.20"]

1. e4 e5 2. Nf3 Nc6 3. Bb5 a6 4. Ba4 Nf6 5. O-O Be7 6. Re1 b5 7. Bb3 d6 8. c3
O-O 9. h3 a5 10. Bc2 a4 11. a3 Bd7 12. d4 Re8 13. Nbd2 Bf8 14. Nf1 h6 15. Ng3
Na5 16. Rb1 g6 17. Nh2 Nb3 18. Bxb3 axb3 19. Qxb3 exd4 20. cxd4 d5 21. e5 Ne4
22. Nxe4 dxe4 23. Qe3 h5 24. b4 Bc6 25. Nf1 Bd5 26. Qg3 Be7 27. Bf4 c6 28. Nd2
Bh4 29. Qc3 f5 30. exf6 Qxf6 31. g3 Qf5 32. Qe3 Bf6 33. h4 Qg4 34. Kh2 Qd7 35.
Rbc1 Qg7 36. Be5 Bxe5 37. dxe5 Rxe5 38. Re2 Rae8 39. Rce1 R5e6 40. Kg1 Qf6 41.
Qg5 Qxg5 42. hxg5 Kf7 43. Re3 R8e7 44. Kh2 Ke8 45. g4 hxg4 46. Kg3 Re5 47. Kf4
Rf5+ 48. Kg3 Rxg5 49. Nxe4 Bxe4 50. Rxe4 Rxe4 51. Rxe4+ Kf7 1/2-1/2